000 01028nam a2200265 i 4500
001 bg
003 KOSZ 005
005 20250516063437.0
008 080228s1967 pl a f 000 0 pol
015 _aPB 1967/8386
040 _aWA N
_cKOSZ 005/RW
_dKOSZ 005/RW
080 _a514.116
100 1 _aPiątkowski, Felicjan
_d(1908-2004).
245 1 0 _aTablice naturalnych wartości funkcji trygonometrycznych w podziale gradowym od Og do 100g /
_cFelicjan Piątkowski, Tadeusz Pilitowski.
250 _aWyd. 4.
260 _aWarszawa :
_bPaństwowe Przedsiębiorstwo Wydawnictw Kartograficznych,
_c1967.
300 _a[4], 177 s. :
_bil. ;
_c25 cm.
380 _aKsiążki
650 4 _aFunkcje trygonometryczne
655 4 _aTablice i wzory
700 1 _aPilitowski, Tadeusz.
710 2 _aPaństwowe Przedsiębiorstwo Wydawnictw Kartograficznych
_4pbl.
856 _uhttp://koha.tu.koszalin.pl/cgi-bin/koha/opac-detail.pl?biblionumber=11461
_yKatalog online BPK
942 _2UKD
_cKS
999 _c11461
_d11461